Normal view MARC view
  • Kamte V. & Deshmukh V

Entry Personal Name

Number of records used in: 1

001 - CONTROL NUMBER

  • control field: 191172

003 - CONTROL NUMBER IDENTIFIER

  • control field: OSt

005 - DATE AND TIME OF LATEST TRANSACTION

  • control field: 20230714213431.0

008 - FIXED-LENGTH DATA ELEMENTS

  • fixed length control field: 230714|| aca||aabn | a|a d

040 ## - CATALOGING SOURCE

  • Original cataloging agency: OSt
  • Transcribing agency: OSt

100 ## - HEADING--PERSONAL NAME

  • Personal name: Kamte V. & Deshmukh V

670 ## - SOURCE DATA FOUND

  • Source citation: Work cat.: (OSt)199826: Kamte V. 172503, To The Last Bullet:, 2009